| Tag |
First Indicator |
Second Indicator |
Subfields |
| LEADER |
00000cam a2200000 a 4500 |
| 001 |
in00001169749 |
| 005 |
20180405154513.0 |
| 008 |
900119s1990 njuaf 001 0deng |
| 010 |
|
|
|a 90031193
|
| 020 |
|
|
|a 1559720328 :
|c $17.95
|
| 035 |
|
|
|a (OCoLC)21080603
|
| 035 |
|
|
|9 AGF2375AM
|
| 040 |
|
|
|a DLC
|c DLC
|d TXA
|d UtOrBLW
|
| 043 |
|
|
|a n-us---
|
| 049 |
|
|
|a TXAM
|
| 050 |
0 |
0 |
|a E877.2
|b .Q54 1990
|
| 082 |
0 |
0 |
|a 973.927/092/2
|2 20
|
| 100 |
1 |
|
|a Quigley, Joan.
|
| 245 |
1 |
0 |
|a What does Joan say? :
|b my seven years as White House astrologer to Nancy and Ronald Reagan /
|c by Joan Quigley.
|
| 264 |
|
1 |
|a Secaucus, NJ :
|b Birch Lane Press,
|c [1990]
|
| 264 |
|
4 |
|c ©1990
|
| 300 |
|
|
|a 218 pages, 16 unnumbered pages of plates :
|b illustrations ;
|c 24 cm.
|
| 336 |
|
|
|a text
|b txt
|2 rdacontent
|
| 337 |
|
|
|a unmediated
|b n
|2 rdamedia
|
| 338 |
|
|
|a volume
|b nc
|2 rdacarrier
|
| 541 |
0 |
|
|a Donated by Susan Dixon Richardson and Joe C. Richardson, Jr. for the Jayne and William H. Mobley Collection in Presidential Studies
|
| 600 |
1 |
0 |
|a Reagan, Ronald
|x Friends and associates.
|
| 600 |
1 |
0 |
|a Reagan, Nancy,
|d 1921-2016
|x Friends and associates.
|
| 600 |
1 |
0 |
|a Quigley, Joan.
|
| 650 |
|
0 |
|a Astrology and politics.
|
| 651 |
|
0 |
|a United States
|x Politics and government
|y 1981-1989.
|
| 999 |
|
|
|a MARS
|
| 999 |
f |
f |
|s 61ead0d9-4123-30cf-a666-554bdb5dadb0
|i e11efb4f-c791-3dc1-8946-45dc1d059f6f
|t 0
|
| 952 |
f |
f |
|p ric
|a Texas A&M University
|b Rellis Campus
|c Joint Library Facility
|d Remote Storage
|t 0
|e E877.2 .Q54 1990
|h Library of Congress classification
|i unmediated -- volume
|m A14818478052
|
| 998 |
f |
f |
|a E877.2 .Q54 1990
|t 0
|l Remote Storage
|